Promising young woman / directed and written by Emerald Fennell ; produced by Margot Robbie, Josey McNamara, Tom Ackerley, Ben Browning, Ashley Fox, Emerald Fennell. (Record no. 20862)

000 -LEADER
fixed length control field 01308nam a22003137a 4500
008 - FIXED-LENGTH DATA ELEMENTS--GENERAL INFORMATION
fixed length control field 250527b xxu||||| |||| 00| 0 eng d
040 ## - CATALOGING SOURCE
Original cataloging agency Cagayan State University
082 ## - DEWEY DECIMAL CLASSIFICATION NUMBER
Classification number 791.4372
Item number P9651
245 ## - TITLE STATEMENT
Title Promising young woman / directed and written by Emerald Fennell ; produced by Margot Robbie, Josey McNamara, Tom Ackerley, Ben Browning, Ashley Fox, Emerald Fennell.
260 ## - PUBLICATION, DISTRIBUTION, ETC. (IMPRINT)
Place of publication, distribution, etc United States,
-- United Kingdom ;
Name of publisher, distributor, etc LuckyChap Entertainment
Date of publication, distribution, etc 2020.
300 ## - PHYSICAL DESCRIPTION
Extent 1 videofile, (ca. 113 mins.) ;
Other physical details sound, color.
520 ## - SUMMARY, ETC.
Summary, etc Nothing in Cassie's life is what it appears to be -- she's wickedly smart, tantalizingly cunning, and she's living a secret double life by night. Now, an unexpected encounter is about to give Cassie a chance to right the wrongs from the past.
650 ## - SUBJECT ADDED ENTRY--TOPICAL TERM
Topical term or geographic name as entry element Comedy
650 ## - SUBJECT ADDED ENTRY--TOPICAL TERM
Topical term or geographic name as entry element Thriller
650 ## - SUBJECT ADDED ENTRY--TOPICAL TERM
Topical term or geographic name as entry element Drama
650 ## - SUBJECT ADDED ENTRY--TOPICAL TERM
Topical term or geographic name as entry element Crime
700 ## - ADDED ENTRY--PERSONAL NAME
Personal name Mulligan, Carey star.
700 ## - ADDED ENTRY--PERSONAL NAME
Personal name Burnham, Bo star.
700 ## - ADDED ENTRY--PERSONAL NAME
Personal name Brie, Alison star.
700 ## - ADDED ENTRY--PERSONAL NAME
Personal name Brown, Clancy star.
700 ## - ADDED ENTRY--PERSONAL NAME
Personal name Lowell, Chris star.
700 ## - ADDED ENTRY--PERSONAL NAME
Personal name Collidge, Jennifer star.
700 ## - ADDED ENTRY--PERSONAL NAME
Personal name Cox, Laverne star.
700 ## - ADDED ENTRY--PERSONAL NAME
Personal name Britton, Connie star.
700 ## - ADDED ENTRY--PERSONAL NAME
Personal name Shannon, Molly star.
700 ## - ADDED ENTRY--PERSONAL NAME
Personal name Thoraval, Frederic editor.
700 ## - ADDED ENTRY--PERSONAL NAME
Personal name Kracun, Benjamin cinematography.
942 ## - ADDED ENTRY ELEMENTS (KOHA)
Source of classification or shelving scheme
Item type Audio-Visual Materials
Holdings
Price effective from Permanent location Date last seen Not for loan Date acquired Source of classification or shelving scheme Koha item type Damaged status Lost status Withdrawn status Current location Full call number
2025-05-27Cagayan State University - Carig Library2025-05-27 2025-05-27 Audio-Visual Materials   Cagayan State University - Carig Library791.4372 P9651

Cagayan State University University Library, Carig Campus
Tuguegarao City, Cagayan 3500 | www.csucarig.edu.ph

Powered by Koha